| 000 | 00461nam a22001937a 4500 | ||
|---|---|---|---|
| 001 | OSt | ||
| 003 | OSt | ||
| 005 | 20140310181710.0 | ||
| 008 | 121207t xxu||||| |||| 00| 0 eng d | ||
| 020 | _a9719142170 | ||
| 050 |
_aRM 723 _b.Ac189 1985 |
||
| 082 |
_aFIL 615.822 _bAc93 1985 |
||
| 245 | _aAcupressure / | ||
| 260 |
_c1981. _aManila : _bMancor Inc., |
||
| 300 |
_a23 p. : _bill. ; _c21 cm. |
||
| 650 | _aAcupressure | ||
| 942 |
_2lcc _cBK |
||
| 999 |
_c1498 _d1498 |
||